MDQL
is popping MORE tags! Check the
thread
!
Quizzes
Events
Quiz Creation
Community
Videos
Private Events
Remove Ads
Sign In
Join for FREE
Feedback
Dark Mode
Quiz Categories
Sports
Geography
Music
Movies
Television
Just For Fun
Miscellaneous
History
Literature
Language
Science
Gaming
Entertainment
Religion
Holiday
For Kids
Quiz Lab
Recent
Popular Today
Quiz Kudos Today
Editor Picks
Curator Picks
Quizzes by...
Day
Popularity
Type
Ratings
Length
Year
Community
Subscriptions
Recent Discussions
Orange Saloon
Badges
Playlists
Quests
Create
Leaderboards
Showdown
Live 5
Trivia Bingo
Activity
Puzzle Library
Sporcle Events
Private Events
Virtual Trivia
Globe League
Become a Host
Pub Owners
SporcleCon
Opinionation
Our Games
Videos
Blog
Mobile Apps
Partnerships
Remove Ads and Go Orange
Feedback
Miscellaneous
Crossword
General Knowledge
Baby Names
Logo
Food
Cars
Numbers
Grab Bag
University
College
Popular
Company
Slogans
Restaurants
Justice
Letter
Miscellaneous
Crossword
General Knowledge
Baby Names
Logo
Food
Cars
Numbers
Grab Bag
University
College
Popular
Company
Slogans
Restaurants
Justice
Letter
Random Quiz
Search Sporcle
×
Quiz Lab
Quiz Lab
Miscellaneous
destination
Type in answers that appear in a list
Type in answers that appear in a list
Classic
Best Score? Go Orange.
Emirates destinations in the US Stats
Can you name the Emirates destinations in the US?
By
osfan83
5m
11 Questions
832 Plays
832 Plays
832 Plays
Comments
Comments
Give Quiz Kudos
Give Quiz Kudos
-
- Ratings
hide this ad
More Info
Replay
Link that replays current quiz
Next Quiz
Link to next quiz in quiz playlist
You Got
0%
They Got
Avg Score
87%
Avg Friend Score
Upgrade to see
Score Distribution
Jump to the score distribution portion of the page
Score
0/11
Timer
05:00
0
Plays Today
Mileage
Airport
% Correct
7244
Los Angeles International Airport
98.7%
5947
John F. Kennedy International Airport
98.1%
7038
San Francisco International Airport
97.1%
6292
Chicago O'Hare International Airport
94.1%
5785
Boston Logan International Airport
93.4%
6984
Dallas/Ft. Worth International Airport
92.9%
7095
Houston George Bush Intercontinental Airport
91.8%
6448
Seattle/Tacoma International Airport
90%
6138
Washington Dulles International Airport
89.8%
6738
Orlando International Airport
75%
6951
Fort Lauderdale/Hollywood International Airport
53.7%
Quiz Playlist
Details
Report
Send in Message
Add To Playlist
More Info:
Accurate to the Summer 2017 schedule.
Classic:
Type in answers that appear in a list
Last Updated: Jul 6, 2017
Quiz Scoreboard
CHALLENGE
Sign Up to Join the Scoreboard
Show All
Scores
Hide
Comments
May contain spoilers
Recently Published
Two Season TV Shows II
by 123Four
Television
10m
Image Sorting: Flags VI
by Barbecue
Geography
2m
Find the 'City' Movie
by crazypaving
Movies
60s
More to Explore
Quiz From the Vault
Featured Blog Post
14 Easter Pick-up Lines to Find Eggs With
hide this ad
You Might Also Like...
Tags
Airline
Airline Routes
Airlines Serving
airport
destination
Dulles Airport
Emirates Airline
International Destinations
JFK Airport
Logan Airport
United Arab Emirates
US Airport
Today's Top Quizzes in Miscellaneous
Browse Miscellaneous
hide this ad
Today's Top Quizzes in destination
Browse destination
Top Contributed Quizzes in Miscellaneous
1
The JOE quick-fire general knowledge quiz: Day 174
2
5-to-1: Fast Food
3
9x9 Crossword: Disney Movie Titles
4
The JOE quick-fire general knowledge quiz: Day 173
5
9x9 Crossword: Charlie and the Chocolate Factory
6
9x9 Crossword: Actors
7
9x9 Crossword: 2022 Movies
8
9x9 Crossword: Flags
9
9x9 Crossword: The Simpsons
10
9x9 Crossword: Pixar Movie Titles
Explore More
Trending Topics
Crossword
Anime
Marvel
Kpop
Harry Potter
NBA
Disney
NFL
Pokémon
WWE
The Office
Country
Puzzle
Song
Soccer
hide this ad
More By:
osfan83
Quiz
Plays
Rating
Category
Featured
Created
6-Continent Airlines
9,178
3.39
Geography
Apr 14, 2015
American Airlines European Destinations
1,214
4.00
Miscellaneous
Mar 9, 2016
Lufthansa destinations in the US
1,032
5.00
Miscellaneous
Mar 28, 2015
British Airways destinations in the US
877
4.67
Miscellaneous
Feb 11, 2015
Emirates destinations in the US
832
5.00
Miscellaneous
Apr 18, 2015
Go to Creator's Profile
Score Distribution
Quiz Creator Spotlight
osfan83
Follow
Send a Message
Quizzes Created
-
Created Quiz Play Count
-
More By This Creator
Popular Quizzes Today
1
Colored Red Africa Blitz
2
Find the US States - No Outlines Minefield
3
Find the 'City' Movie
4
5x2 Blitz: Bands
5
The Countries of the World
6
Find the US States
7
Find the Countries of Europe - No Outlines Minefield
8
US States
More Miscellaneous Quizzes
TinyGrid: Fortune 500 Companies
Curator's Pick
Trending Quizzes
Colored Red Europe Blitz I
Colored Red Africa Blitz II
Colored Red Europe Blitz II
Colored Red Africa Blitz III
Colored Red Europe Blitz III
Recently Updated
How Do You Spell That?
pecheneg
Godzilla Movies
pecheneg
Grab Bag: 4-10 Letters
pecheneg
2024 March Madness Bracket
pecheneg
Famous TV Couples
Peacemaker
Champions League XIs: Real Madrid
pecheneg
Largest US Cities 1790-2010
pecheneg
Rides in Walt Disney World
pecheneg
Most Oscar Losses (Acting)
pecheneg
Beyoncé Albums
pecheneg
Trending Topics
Harry Potter
Kpop
Crossword
Disney
Anime
NBA
Marvel
NFL
Soccer
WWE
Song
Puzzle
Pokémon
The Office
Country
Your Account Isn't Verified!
In order to create a playlist on Sporcle, you need to verify the email address you used during registration. Go to your
Sporcle Settings
to finish the process.
Report this User
Report this user for behavior that violates our
Community Guidelines
.
Details:
Send Report
Go to the Sporcle.com Mobile Site →
Comments